عرض عادي عرض مارك

مدخل Personal Name

عدد التسجيلات المستخدمة في: 1

001 - CONTROL NUMBER

  • control field: 10525

003 - CONTROL NUMBER IDENTIFIER

  • control field: DLC

005 - DATE AND TIME OF LATEST TRANSACTION

  • control field: 20260114131317.0

008 - FIXED-LENGTH DATA ELEMENTS

  • fixed length control field: 870609n| azannaabn |a aaa

010 ## - LIBRARY OF CONGRESS CONTROL NUMBER

  • LC control number: n 86123379

035 ## - SYSTEM CONTROL NUMBER

  • System control number: (OCoLC)oca01872310

040 ## - CATALOGING SOURCE

  • Original cataloging agency: DLC
  • Language of cataloging: eng
  • Transcribing agency: DLC
  • Description conventions: rda
  • Modifying agency: DLC
  • Modifying agency: DLC
  • Modifying agency: OU

046 ## - SPECIAL CODED DATES

  • Birth date: 19530321

100 1# - HEADING--PERSONAL NAME

  • Personal name: Sadiqi, Fatima

370 ## - ASSOCIATED PLACE

  • Associated country: Morocco
  • Associated country: Qatar
  • Other associated place: Fès (Morocco)
  • Other associated place: Dawḥah (Qatar)
  • Source of term: naf

372 ## - FIELD OF ACTIVITY

  • Field of activity: Tamashek language--Alphabet
  • Source of term: lcsh

373 ## - ASSOCIATED GROUP

  • Associated group: University of Al-Karaouine
  • Associated group: Jāmiʻat Ḥamad ibn Khalīfah

374 ## - OCCUPATION

  • Occupation: College teachers
  • Source of term: lcsh

400 1# - SEE FROM TRACING--PERSONAL NAME

  • Personal name: Ṣadīqī, Fāṭimah

670 ## - SOURCE DATA FOUND

  • Source citation: Her Studies in Berber syntax, 1986:
  • Information found: t.p. (Fatima Sadiqi)

670 ## - SOURCE DATA FOUND

  • Source citation: Women, gender, and language in Morocco, 2003:
  • Information found: t.p. (Fatima Sadiqi) p. [4] of cover (Ph.D. (1982) in theoretical linguistics, Univ. of Essex; senior prof., Sidi Mohamed Ben Abdellah Univ., Fes)

670 ## - SOURCE DATA FOUND

  • Source citation: Moroccan feminist discourses, 2014:
  • Information found: eCIP t.p. (Fatima Sadiqi) data view screen (b. March 21, 1953; former Fulbright Scholar and recipient of a Harvard Fellowship; professor of Linguistics and Gender Studies)

670 ## - SOURCE DATA FOUND

  • Source citation: Women and the codification of the Amazigh language, 2024, ©2024:
  • Information found: title page (Fatima Sadiqi) page 155 (professor of lingustics and gender studies with the University of Fez and Hamad Bin Khalifa University)

905 ## - cataloger

  • cataloger: Auth_BKS
Cairo University Libraries Portal Implemented & Customized by: Eng. M. Mohamady Contacts: new-lib@cl.cu.edu.eg | cnul@cl.cu.edu.eg
CUCL logo CNUL logo
© All rights reserved — Cairo University Libraries
CUCL logo
Implemented & Customized by: Eng. M. Mohamady Contact: new-lib@cl.cu.edu.eg © All rights reserved — New Central Library
CNUL logo
Implemented & Customized by: Eng. M. Mohamady Contact: cnul@cl.cu.edu.eg © All rights reserved — Cairo National University Library